000 02210cam a2200253 i 4500
003 SA-RiAUC
005 20250723055457.0
008 250722s1983 le g 000 0 ara c
024 0 _a00000000971682
040 _aSA-JeALM
_bara
_cSA-RiAUC
_dAE-DuMBRL
_erda
050 4 _b.Z35 1983
082 0 4 _a257.2
_qSA-RiAUC
090 _a257.2
_bز ل و
100 1 _aزلوم، عبد القديم
_eمؤلف.
245 1 2 _aالأموال في دولة الخلافة /
_cعبد القديم زلوم.
250 _aالطبعة الأولى.
264 1 _aبيروت :
_bدار العلم للملايين،
_c1983.
300 _a237 صفحة ؛
_c24 سم.
336 _aنص
_btxt
_2rdacontent
_3كتاب
520 _aيتناول كتاب (الأموال في دولة الخلافة) والذي قام بتأليفه عبد القديم زلوم، موضوع (الأموال) الكتاب يوضح أنه قد أناط الإسلام بدولة الخلافة أن تقوم برعاية شؤون الأمة، وأناط بها القيام بإدارة الأموال الواردة للدولة، وإنفاقها، حتى تتمكن من الرعاية، ومن حمل الدعوة، وقد بينت الأدلة الشرعية موارد الدولة المالية، وأنواعها، وكيفية تحصيلها، كما بينت مستحقيها، وجهات صرفها. لذلك يستعرض المؤلف الأموال في دولة الخلافة وأحكامها، وبين مواردها، وأنواعها، وعلام تؤخذ، وممن تؤخذ، وأوقات استحقاقها، وكيفية تحصيلها، والجهة التي تحاز وتحفظ فيها، كما بينا مستحقيها، وأوجه صرفها. ولما كان ضبط هذه الأموال، وتحصيلها، يستلزم معرفة الأطوال، والمساحات، والمكاييل، والأوزان، تعرض المؤلف لما يلزم من ذلك على وجه يبين واقعها، ويرفع الجهالة عنها.
650 7 _aالنظام المالي في الإسلام
_yعصر صدر الإسلام
_2aucsh
942 _2ddc
_cBOOK
_n0
949 _aSA-JeALM
_d250722
_uosman123
_n1
999 _c10200
_d10200